000 01865cam a22004694i 4500
003 PE-LiUPU
005 20250731173356.0
008 150706s r 000 0 d
020 _a0816394393
035 _a(Sirsi) i9780816394395
040 _aPE-LiUPU
_bspa
_cPE-LiUPU
_erda
049 _aPRUA
082 0 4 _a286.73209
_bV59
_221
100 1 _aRojas, José Vicente,
_eautor.
245 1 0 _aDios me encontró en los Ángeles /
_cJosé Vicente Rojas.
264 1 _aNampa, Idaho :
_bPacific Press,
_c2000.
300 _a176 páginas :
_bilustraciones ;
_c21 centímetros
336 _atext
_2rdacontent
337 _aunmediated
_2rdamedia
338 _avolume
_2rdacarrier
505 0 _aMamá, ¿qué me sucede? -- Lo correcto ante Dios -- "Eres latino, Mijo" -- "Dios te está llamando a ser pastor" -- "Sé agresivo, hombre" -- ¿Visionarios o revolucionarios? -- Tenemos que orar por esto -- "¡Adelante, amiguito!" -- Requiere una visión -- Una filosofía de alcanzar a otros.
526 _aSEG42
526 _aSEG41
526 _aSEG40
526 _aSEG39
526 _aP94
526 _aP87
526 _aP86
526 _aP85
526 _aP77
526 _aP76
526 _aP35
600 1 _aRojas, Jose Vicente.
_d1960-
650 0 4 _aAdventistas del Séptimo Día
_xBiografías.
910 _agl
_bjck
_d20101110
942 _2ddc
_cBOOK
949 _a286.73209 V59
_wDEWEY
_c1
_i62292
_lCCODEBUL1
_mBUL
_p6.00
_r0
_sY
_tBOOK
_u2015-7-6
_xTEOLOGIA
_zUNKNOWN
_0COMPRA
_o.STAFF. Colección General
994 _aC0
_bPEPRU
596 _a1
999 _a286.73209 V59
_wDEWEY
_c51362
_i62292
_d51362
_e2019-6-16
_f2021-11-11
_g6
_lCCODEBUL1
_mBUL
_n1
_p6.00
_r0
_sY
_tBOOK
_u2015-7-6
_xTEOLOGIA
_zUNKNOWN
_0COMPRA
_o.STAFF. Colección General
980 _81
_gALBERTO SANCHEZ Responsable de Automatización